|
|
|
|
| LEADER |
00000nam0a2200000 4500 |
| 001 |
289514 |
| 005 |
20231031235557.0 |
| 035 |
|
|
|a (RuTPU)RU\TPU\book\314021
|
| 090 |
|
|
|a 289514
|
| 100 |
|
|
|a 20150401d1984 m y0rusy50 ca
|
| 101 |
0 |
|
|a rus
|
| 102 |
|
|
|a RU
|
| 105 |
|
|
|a y z 000ay
|
| 200 |
1 |
|
|a Проект 240
|e роман
|f В. М. Котельников
|g под ред. В. Леонова
|
| 210 |
|
|
|a Москва
|c Московский рабочий
|d 1984
|
| 215 |
|
|
|a 223 с.
|
| 333 |
|
|
|a Исключено из фонда НТБ ТПУ
|
| 700 |
|
1 |
|a Котельников
|b В. М.
|g Владимир Михайлович
|
| 702 |
|
1 |
|a Леонов
|b В.
|4 340
|
| 801 |
|
1 |
|a RU
|b 63413507
|c 20150401
|
| 801 |
|
2 |
|a RU
|b 63413507
|c 20220517
|g RCR
|
| 942 |
|
|
|c BK
|